[Event "BCF-chT4 0506 (4NCL)"]
[Site "West Bromwich"]
[Date "2005.12.03"]
[Round "3.3"]
[White "Harrison, John"]
[Black "Emanuel, John L"]
[Result "0-1"]
[WhiteElo "2015"]
[BlackElo "2070"]
[PlyCount "66"]
[EventDate "2005.11.05"]
[EventType "team"]
[EventRounds "11"]
[EventCountry "ENG"]
[SourceTitle "CBM 109 Extra"]
[Source "ChessBase"]
[SourceDate "2006.01.03"]
[SourceVersion "2"]
[SourceVersionDate "2006.01.03"]
[SourceQuality "1"]
[WhiteTeam "Nottinghamshire II"]
[BlackTeam "Warwicks Select II"]
[WhiteTeamCountry "ENG"]
[BlackTeamCountry "ENG"]

1. d4 e6 2. e4 d5 3. Nc3 Bb4 4. e5 c5 5. Bd2 a6 6. Qg4 Kf8 7. a3 Bxc3 8. Bxc3 b6 9. Nf3 Nc6 10. Bd3 Qc7 11. 0-0 f5 12. exf6 Nxf6 13. Qh4 c4 14. Be2 Ne4 15. Bb4+ Nxb4 16. axb4 Qe7 17. Qf4+ Nf6 18. Ne5 Kg8 19. b5 a5 20. b3 cxb3 21. cxb3 Bb7 22. Rfc1 Rf8 23. Nd3 Ne8 24. Qe3 Nf6 25. Qe5 Ne8 26. Bg4 Rf6 27. Nf4 Kf7 28. Re1 Nc7 29. Rac1 Rc8 30. Nh5 Rg6 31. Rc3 Nxb5 32. Rf3+ Kg8 33. Bxe6+ Qxe6 0-1